000 00911nam a2200253Ia 4500
003 OSt
005 20220923212000.0
006 a|||||r|||| 00| 0
007 ta
008 220922b |||||||| |||| 00| 0 san d
024 _a76,538
037 _cTextual
040 _aARTS
_cARTS
_bsan
041 _2san
_asan
082 _aR66,5x1,1,2,1,1, 15M1
100 _aजोशी, कन्हैयालाल, सम्प
245 0 _aब्रह्यसूत्त्रशांकर भाष्यम्
246 _aBrahyasūttrashāankar bhāṣhyam
260 _aअहमदाबाद
_b परिमल
_c1981
300 _a431पृ.
_ccm.
490 _aपरिमल संस्कृत ग्रन्थमाला; 1
942 _hR66,5x1,1,2,1,1, 15M1
_cTEXL
_2CC
999 _c305124
_d305124